Sevilla entre lo divino y lo humano (Record no. 132776)

MARC details
000 -LEADER
campo de control de longitud fija 00633nam a2200169 4500
001 - NÚMERO DE CONTROL
campo de control 132776
003 - IDENTIFICADOR DE NÚMERO DE CONTROL
campo de control ES-MaACL
005 - FECHA Y HORA DE LA ÚLTIMA TRANSACCIÓN
campo de control 20230906194240.0
007 - CAMPO FIJO DE DESCRIPCIÓN FÍSICA--INFORMACIÓN GENERAL
campo de control de longitud fija t|
008 - DATOS DE LONGITUD FIJA--INFORMACIÓN GENERAL
campo de control de longitud fija 070214s1966 sp r ||||1| spa d
100 1# - ENTRADA PRINCIPAL--NOMBRE DE PERSONA
Nombre de persona Rosa Domínguez, José Luis de la.
9 (RLIN) 99612
245 10 - MENCIÓN DEL TÍTULO
Título Sevilla entre lo divino y lo humano
Resto del título : (exégesis y defensa de las cofradías) /
Mención de responsabilidad, etc. por José Luis de la Rosa Domínguez ; prólogo de Mons. Cirarda.
260 ## - PUBLICACIÓN, DISTRIBUCIÓN, ETC.
Lugar de publicación, distribución, etc. Sevilla :
Nombre del editor, distribuidor, etc. [s. n.],
Fecha de publicación, distribución, etc. 1966 (
Fabricante Gráf. Sevillanas)
300 ## - DESCRIPCIÓN FÍSICA
Extensión XVII, 454 p., 50 lám. ;
Dimensiones 25 cm.
710 2# - ENTRADA AGREGADA--NOMBRE DE ENTIDAD CORPORATIVA
Nombre de entidad corporativa o nombre de jurisdicción como elemento de entrada Cirarda Lachiondo, José María.
9 (RLIN) 2808
852 ## - LOCALIZACIÓN
Ubicación ES-MaACL
Número de control de estantería C-29234
Sublocalización o colección R.59790
Holdings
Estatus retirado Estado de pérdida Estado de daño No para préstamo Biblioteca de origen Biblioteca actual Ubicación en estantería Fecha de adquisición Fuente de adquisición Total de préstamos Signatura topográfica completa Código de barras Visto por última vez Precio de reemplazo Tipo de ítem Koha
        Biblioteca del Ateneo de Madrid Biblioteca del Ateneo de Madrid Depósito 2 17/01/2008     C-29234 1138230 23/02/2023 23/02/2023 Libro impreso